[Event "DVM U16 2023"]
[Site "Magdeburg GER"]
[Date "2023.12.27"]
[Round "2"]
[White "Vollbehr, Bjarne"]
[Black "Goldkuhle, Collin"]
[Result "1-0"]
[Termination "normal"]
[Board "6.3"]
[WhiteElo "1949"]
[BlackElo "1715"]
[WhiteClock "00:09:43"]
[BlackClock "00:06:44"]
[WhiteTeam "SK Doppelbauer Kiel 1910"]
[BlackTeam "SF Essen-Katernberg 04/32"]
[PlyCount "147"]
[WhiteFideId "34606025"]
[BlackFideId "16271106"]
[EventCountry "GER"]
[EventRounds "7"]
[EventType "team-swiss"]
[EventDate "2023.12.26"]

1. Nf3 {[%clk 01:30:56]} {[%emt 00:00:03]} e6 {[%clk 01:30:22]} {[%emt
00:00:38]} 2. g3 {[%clk 01:31:07]} {[%emt 00:00:20]} b6 {[%clk 01:30:32]}
{[%emt 00:00:21]} 3. Bg2 {[%clk 01:31:15]} {[%emt 00:00:21]} Bb7 {[%clk
01:30:57]} {[%emt 00:00:05]} 4. c4 {[%clk 01:30:58]} {[%emt 00:00:48]} Nf6
{[%clk 01:30:49]} {[%emt 00:00:38]} 5. d4 {[%clk 01:31:02]} {[%emt 00:00:26]}
Bb4+ {[%clk 01:27:22]} {[%emt 00:03:57]} 6. Bd2 {[%clk 01:31:24]} {[%emt
00:00:09]} Bxd2+ {[%clk 01:27:49]} {[%emt 00:00:04]} 7. Qxd2 {[%clk 01:31:34]}
{[%emt 00:00:19]} O-O {[%clk 01:26:45]} {[%emt 00:01:34]} 8. Nc3 {[%clk
01:31:46]} {[%emt 00:00:18]} d6 {[%clk 01:25:40]} {[%emt 00:01:35]} 9. Qc2
{[%clk 01:30:12]} {[%emt 00:02:04]} Nbd7 {[%clk 01:24:28]} {[%emt 00:01:41]}
10. O-O {[%clk 01:30:12]} {[%emt 00:00:31]} c5 {[%clk 01:23:30]} {[%emt
00:01:28]} 11. d5 {[%clk 01:25:37]} {[%emt 00:05:05]} exd5 {[%clk 01:11:27]}
{[%emt 00:12:32]} 12. cxd5 {[%clk 01:25:58]} {[%emt 00:00:09]} Nxd5 {[%clk
01:09:18]} {[%emt 00:02:39]} 13. Nxd5 {[%clk 01:22:24]} {[%emt 00:04:04]} Bxd5
{[%clk 01:06:40]} {[%emt 00:03:09]} 14. e4 {[%clk 01:22:30]} {[%emt 00:00:24]}
Bb7 {[%clk 01:02:35]} {[%emt 00:04:34]} 15. Rad1 {[%clk 01:21:27]} {[%emt
00:01:33]} Qe7 {[%clk 01:01:26]} {[%emt 00:01:39]} 16. Nd2 {[%clk 01:19:47]}
{[%emt 00:02:10]} Ne5 {[%clk 00:58:32]} {[%emt 00:03:24]} 17. Rfe1 {[%clk
01:14:49]} {[%emt 00:05:28]} Rad8 {[%clk 00:56:23]} {[%emt 00:02:40]} 18. Nc4
{[%clk 01:12:29]} {[%emt 00:02:50]} Nc6 {[%clk 00:54:35]} {[%emt 00:02:15]} 19.
Qa4 {[%clk 01:08:42]} {[%emt 00:04:19]} Ba8 {[%clk 00:53:11]} {[%emt 00:01:54]}
20. e5 {[%clk 01:03:40]} {[%emt 00:05:33]} Nd4 {[%clk 00:42:25]} {[%emt
00:11:16]} 21. Nxd6 {[%clk 00:47:46]} {[%emt 00:16:24]} Bxg2 {[%clk 00:41:18]}
{[%emt 00:01:37]} 22. Kxg2 {[%clk 00:47:54]} {[%emt 00:00:22]} f6 {[%clk
00:35:55]} {[%emt 00:05:53]} 23. Qc4+ {[%clk 00:42:07]} {[%emt 00:06:17]} Kh8
{[%clk 00:35:13]} {[%emt 00:01:12]} 24. f4 {[%clk 00:42:00]} {[%emt 00:00:37]}
fxe5 {[%clk 00:21:42]} {[%emt 00:14:01]} 25. fxe5 {[%clk 00:42:21]} {[%emt
00:00:09]} Nf3 {[%clk 00:17:10]} {[%emt 00:05:03]} 26. Re4 {[%clk 00:37:15]}
{[%emt 00:05:36]} Ng5 {[%clk 00:11:59]} {[%emt 00:05:41]} 27. Re3 {[%clk
00:34:30]} {[%emt 00:03:14]} h6 {[%clk 00:06:40]} {[%emt 00:05:51]} 28. h4
{[%clk 00:31:32]} {[%emt 00:03:28]} Ne6 {[%clk 00:06:30]} {[%emt 00:00:40]} 29.
Qe4 {[%clk 00:29:33]} {[%emt 00:02:28]} Nd4 {[%clk 00:05:25]} {[%emt 00:01:36]}
30. Qg6 {[%clk 00:25:50]} {[%emt 00:04:12]} Qd7 {[%clk 00:03:08]} {[%emt
00:02:48]} 31. Rde1 {[%clk 00:21:46]} {[%emt 00:04:34]} Nc6 {[%clk 00:01:53]}
{[%emt 00:01:44]} 32. Rd1 {[%clk 00:15:05]} {[%emt 00:07:11]} Nd4 {[%clk
00:01:56]} {[%emt 00:00:27]} 33. Rd2 {[%clk 00:11:50]} {[%emt 00:03:45]} Qc6+
{[%clk 00:01:43]} {[%emt 00:00:42]} 34. Re4 {[%clk 00:11:30]} {[%emt 00:00:50]}
Qd5 {[%clk 00:01:33]} {[%emt 00:00:39]} 35. Kh3 {[%clk 00:10:01]} {[%emt
00:02:00]} Rd7 {[%clk 00:01:01]} {[%emt 00:01:01]} 36. Qg4 {[%clk 00:06:30]}
{[%emt 00:04:01]} Re7 {[%clk 00:01:02]} {[%emt 00:00:29]} 37. Nf5 {[%clk
00:05:35]} {[%emt 00:01:26]} Ref7 {[%clk 00:00:45]} {[%emt 00:00:47]} 38. Nxd4
{[%clk 00:05:34]} {[%emt 00:00:31]} cxd4 {[%clk 00:01:07]} {[%emt 00:00:08]}
39. Rdxd4 {[%clk 00:04:46]} {[%emt 00:01:18]} Qb5 {[%clk 00:01:22]} {[%emt
00:00:15]} 40. Qe2 {[%clk 00:04:49]} {[%emt 00:00:27]} Qe8 {[%clk 00:01:16]}
{[%emt 00:00:34]} 41. e6 {[%clk 00:21:00]} {[%emt 00:14:21]} Re7 {[%clk
00:28:02]} {[%emt 00:03:42]} 42. Re3 {[%clk 00:19:09]} {[%emt 00:02:23]} Qc6
{[%clk 00:27:13]} {[%emt 00:01:18]} 43. Rde4 {[%clk 00:19:16]} {[%emt
00:00:25]} Qd5 {[%clk 00:26:34]} {[%emt 00:01:01]} 44. a3 {[%clk 00:19:16]}
{[%emt 00:00:37]} Qf5+ {[%clk 00:21:52]} {[%emt 00:05:13]} 45. Kg2 {[%clk
00:19:13]} {[%emt 00:00:33]} Qd5 {[%clk 00:19:03]} {[%emt 00:03:17]} 46. Kh2
{[%clk 00:18:44]} {[%emt 00:01:01]} Qc6 {[%clk 00:12:06]} {[%emt 00:07:24]} 47.
Rf3 {[%clk 00:14:17]} {[%emt 00:04:59]} Rfe8 {[%clk 00:11:25]} {[%emt
00:01:09]} 48. Rfe3 {[%clk 00:13:51]} {[%emt 00:00:58]} Qc1 {[%clk 00:10:10]}
{[%emt 00:01:42]} 49. Rc3 {[%clk 00:11:13]} {[%emt 00:03:11]} Qb1 {[%clk
00:09:31]} {[%emt 00:01:04]} 50. g4 {[%clk 00:10:57]} {[%emt 00:00:51]} Rd8
{[%clk 00:08:19]} {[%emt 00:01:41]} 51. g5 {[%clk 00:10:12]} {[%emt 00:01:17]}
Rd1 {[%clk 00:07:20]} {[%emt 00:01:27]} 52. Rc8+ {[%clk 00:06:08]} {[%emt
00:04:36]} Kh7 {[%clk 00:07:35]} {[%emt 00:00:14]} 53. Qg2 {[%clk 00:06:12]}
{[%emt 00:00:26]} g6 {[%clk 00:06:20]} {[%emt 00:01:46]} 54. h5 {[%clk
00:05:55]} {[%emt 00:00:46]} Rd2 {[%clk 00:02:59]} {[%emt 00:03:51]} 55. Qxd2
{[%clk 00:03:09]} {[%emt 00:03:17]} Qxe4 {[%clk 00:03:20]} {[%emt 00:00:09]}
56. Rh8+ {[%clk 00:03:11]} {[%emt 00:00:28]} Kxh8 {[%clk 00:02:35]} {[%emt
00:01:15]} 57. Qd8+ {[%clk 00:03:34]} {[%emt 00:00:06]} Kh7 {[%clk 00:02:02]}
{[%emt 00:01:01]} 58. Qxe7+ {[%clk 00:03:59]} {[%emt 00:00:08]} Kg8 {[%clk
00:01:30]} {[%emt 00:00:58]} 59. Qf7+ {[%clk 00:04:22]} {[%emt 00:00:11]} Kh8
{[%clk 00:01:50]} {[%emt 00:00:08]} 60. Qf8+ {[%clk 00:04:47]} {[%emt
00:00:06]} Kh7 {[%clk 00:02:06]} {[%emt 00:00:14]} 61. Qxh6+ {[%clk 00:05:09]}
{[%emt 00:00:08]} Kg8 {[%clk 00:02:22]} {[%emt 00:00:14]} 62. Qxg6+ {[%clk
00:05:30]} {[%emt 00:00:09]} Qxg6 {[%clk 00:02:49]} {[%emt 00:00:03]} 63. hxg6
{[%clk 00:05:52]} {[%emt 00:00:09]} Kf8 {[%clk 00:03:03]} {[%emt 00:00:16]} 64.
b4 {[%clk 00:06:02]} {[%emt 00:00:20]} b5 {[%clk 00:03:24]} {[%emt 00:00:09]}
65. Kg3 {[%clk 00:06:27]} {[%emt 00:00:05]} a5 {[%clk 00:03:42]} {[%emt
00:00:11]} 66. bxa5 {[%clk 00:06:52]} {[%emt 00:00:05]} b4 {[%clk 00:04:06]}
{[%emt 00:00:06]} 67. axb4 {[%clk 00:07:17]} {[%emt 00:00:05]} Ke7 {[%clk
00:04:33]} {[%emt 00:00:03]} 68. g7 {[%clk 00:07:40]} {[%emt 00:00:07]} Kd6
{[%clk 00:05:00]} {[%emt 00:00:02]} 69. g8=Q {[%clk 00:08:01]} {[%emt
00:00:09]} Kc7 {[%clk 00:05:28]} {[%emt 00:00:02]} 70. b5 {[%clk 00:08:17]}
{[%emt 00:00:15]} Kd6 {[%clk 00:05:49]} {[%emt 00:00:09]} 71. Qd8+ {[%clk
00:08:38]} {[%emt 00:00:09]} Ke5 {[%clk 00:06:11]} {[%emt 00:00:09]} 72. e7
{[%clk 00:09:01]} {[%emt 00:00:06]} Kf5 {[%clk 00:06:34]} {[%emt 00:00:06]} 73.
e8=R {[%clk 00:09:19]} {[%emt 00:00:14]} Kg6 {[%clk 00:06:44]} {[%emt
00:00:19]} 74. Qf6+ {[%clk 00:09:43]} {[%emt 00:00:05]} 1-0

[Event "DVM U16 2023"]
[Site "Magdeburg GER"]
[Date "2023.12.27"]
[Round "2"]
[White "Klaus, Daniel"]
[Black "Bräutigam, Katerina"]
[Result "0-1"]
[Termination "normal"]
[Board "6.4"]
[WhiteElo "1337"]
[BlackElo "1845"]
[WhiteClock "00:00:46"]
[BlackClock "00:01:02"]
[WhiteTeam "SF Essen-Katernberg 04/32"]
[BlackTeam "SK Doppelbauer Kiel 1910"]
[PlyCount "64"]
[WhiteFideId "16286286"]
[BlackFideId "16242980"]
[EventCountry "GER"]
[EventRounds "7"]
[EventType "team-swiss"]
[EventDate "2023.12.26"]

1. e4 {[%clk 01:30:19]} {[%emt 00:00:41]} c6 {[%clk 01:30:56]} {[%emt
00:00:05]} 2. d4 {[%clk 01:30:42]} {[%emt 00:00:06]} d5 {[%clk 01:31:22]}
{[%emt 00:00:04]} 3. Nd2 {[%clk 01:30:32]} {[%emt 00:00:39]} dxe4 {[%clk
01:31:46]} {[%emt 00:00:07]} 4. Nxe4 {[%clk 01:30:48]} {[%emt 00:00:15]} Bf5
{[%clk 01:32:09]} {[%emt 00:00:07]} 5. Ng3 {[%clk 01:30:59]} {[%emt 00:00:19]}
Bg6 {[%clk 01:32:33]} {[%emt 00:00:06]} 6. Nf3 {[%clk 01:31:15]} {[%emt
00:00:14]} Nd7 {[%clk 01:32:58]} {[%emt 00:00:06]} 7. h4 {[%clk 01:31:11]}
{[%emt 00:00:33]} h6 {[%clk 01:33:22]} {[%emt 00:00:06]} 8. h5 {[%clk
01:31:29]} {[%emt 00:00:11]} Bh7 {[%clk 01:33:48]} {[%emt 00:00:04]} 9. Bd3
{[%clk 01:30:20]} {[%emt 00:01:39]} Bxd3 {[%clk 01:34:12]} {[%emt 00:00:07]}
10. Qxd3 {[%clk 01:30:41]} {[%emt 00:00:09]} e6 {[%clk 01:34:34]} {[%emt
00:00:08]} 11. Bd2 {[%clk 01:28:53]} {[%emt 00:02:19]} Ngf6 {[%clk 01:34:53]}
{[%emt 00:00:11]} 12. Ne4 {[%clk 01:25:20]} {[%emt 00:04:03]} Nxe4 {[%clk
01:34:35]} {[%emt 00:00:48]} 13. Qxe4 {[%clk 01:25:38]} {[%emt 00:00:13]} Nf6
{[%clk 01:34:41]} {[%emt 00:00:23]} 14. Qd3 {[%clk 01:25:19]} {[%emt 00:00:49]}
Be7 {[%clk 01:33:18]} {[%emt 00:01:52]} 15. O-O-O {[%clk 01:20:12]} {[%emt
00:05:38]} O-O {[%clk 01:30:27]} {[%emt 00:03:21]} 16. Rdg1 {[%clk 01:07:38]}
{[%emt 00:13:03]} Qd5 {[%emt 00:21:47]} 17. c4 {[%clk 00:49:28]} Qe4 {[%clk
01:25:19]} {[%emt 00:03:00]} 18. Qb3 {[%clk 00:35:07]} {[%emt 00:14:52]} Rab8
{[%clk 01:17:22]} {[%emt 00:08:27]} 19. g4 {[%clk 00:27:26]} {[%emt 00:08:10]}
Nxg4 {[%clk 00:47:53]} {[%emt 00:29:59]} 20. Rg2 {[%clk 00:14:20]} {[%emt
00:13:36]} b5 {[%clk 00:38:56]} {[%emt 00:09:28]} 21. c5 {[%clk 00:12:53]}
{[%emt 00:01:56]} a5 {[%clk 00:21:06]} {[%emt 00:18:20]} 22. Bxa5 {[%clk
00:06:12]} {[%emt 00:07:11]} Bg5+ {[%clk 00:12:21]} {[%emt 00:09:14]} 23. Bd2
{[%clk 00:04:49]} {[%emt 00:01:53]} Bxd2+ {[%clk 00:10:18]} {[%emt 00:02:33]}
24. Kxd2 {[%clk 00:05:11]} {[%emt 00:00:08]} Nf6 {[%clk 00:05:20]} {[%emt
00:05:27]} 25. Qe3 {[%clk 00:02:48]} {[%emt 00:02:53]} Rfd8 {[%clk 00:02:06]}
{[%emt 00:03:45]} 26. Qxe4 {[%clk 00:00:48]} {[%emt 00:02:30]} Nxe4+ {[%clk
00:02:29]} {[%emt 00:00:06]} 27. Ke3 {[%clk 00:01:07]} {[%emt 00:00:11]} Nf6
{[%clk 00:01:37]} {[%emt 00:01:21]} 28. Ne5 {[%clk 00:01:14]} {[%emt 00:00:23]}
Rbc8 {[%clk 00:00:36]} {[%emt 00:01:32]} 29. Rh4 {[%clk 00:01:05]} {[%emt
00:00:38]} Nd5+ {[%clk 00:00:35]} {[%emt 00:00:32]} 30. Ke4 {[%clk 00:01:25]}
{[%emt 00:00:10]} f6 {[%clk 00:00:36]} {[%emt 00:00:28]} 31. Nd3 {[%clk
00:00:57]} {[%emt 00:00:58]} Ra8 {[%clk 00:00:39]} {[%emt 00:00:28]} 32. Rhg4
{[%clk 00:00:46]} {[%emt 00:00:40]} f5+ {[%clk 00:01:02]} {[%emt 00:00:07]} 0-1

[Event "DVM U16 2023"]
[Site "Magdeburg GER"]
[Date "2023.12.27"]
[Round "2"]
[White "Trunz, Michelle"]
[Black "Trenz, Finn"]
[Result "0-1"]
[Termination "normal"]
[Board "7.1"]
[WhiteElo "2024"]
[BlackElo "1884"]
[WhiteClock "00:50:57"]
[BlackClock "00:04:24"]
[WhiteTeam "SG Porz"]
[BlackTeam "SV Multatuli Ingelheim"]
[PlyCount "74"]
[WhiteFideId "16227980"]
[BlackFideId "16279379"]
[EventCountry "GER"]
[EventRounds "7"]
[EventType "team-swiss"]
[EventDate "2023.12.26"]

1. d4 {[%clk 01:30:59]} Nf6 {[%clk 01:29:45]} {[%emt 00:01:16]} 2. c4 {[%clk
01:31:25]} {[%emt 00:00:04]} e5 {[%clk 01:30:12]} {[%emt 00:00:03]} 3. dxe5
{[%clk 01:31:30]} {[%emt 00:00:25]} Ng4 {[%clk 01:30:36]} {[%emt 00:00:06]} 4.
Nf3 {[%clk 01:30:06]} {[%emt 00:01:54]} Bc5 {[%clk 01:30:59]} {[%emt 00:00:06]}
5. e3 {[%clk 01:30:17]} {[%emt 00:00:19]} Nc6 {[%clk 01:31:17]} {[%emt
00:00:12]} 6. Be2 {[%clk 01:29:44]} {[%emt 00:01:04]} Ngxe5 {[%clk 01:31:22]}
{[%emt 00:00:25]} 7. O-O {[%clk 01:29:40]} {[%emt 00:00:33]} Nxf3+ {[%clk
01:29:40]} {[%emt 00:02:12]} 8. Bxf3 {[%clk 01:30:06]} {[%emt 00:00:05]} Ne5
{[%clk 01:30:06]} {[%emt 00:00:04]} 9. b3 {[%clk 01:27:24]} {[%emt 00:03:12]}
Qf6 {[%clk 01:26:44]} {[%emt 00:03:52]} 10. Ba3 {[%clk 01:24:45]} {[%emt
00:03:09]} Nxf3+ {[%clk 01:18:40]} {[%emt 00:08:35]} 11. Qxf3 {[%clk 01:25:11]}
{[%emt 00:00:04]} Qxa1 {[%clk 01:18:28]} {[%emt 00:00:41]} 12. Bxc5 {[%clk
01:24:52]} {[%emt 00:00:49]} Qf6 {[%clk 01:18:34]} {[%emt 00:00:24]} 13. Qe4+
{[%clk 01:22:14]} {[%emt 00:03:09]} Qe6 {[%clk 01:17:53]} {[%emt 00:01:10]} 14.
Qd4 {[%clk 01:21:21]} {[%emt 00:01:23]} f6 {[%clk 01:11:02]} {[%emt 00:07:21]}
15. Nc3 {[%clk 01:21:00]} {[%emt 00:00:52]} d6 {[%clk 00:32:55]} {[%emt
00:38:37]} 16. Ba3 {[%clk 01:20:33]} {[%emt 00:00:56]} O-O {[%clk 00:32:57]}
{[%emt 00:00:29]} 17. Nd5 {[%clk 01:20:42]} {[%emt 00:00:21]} Rf7 {[%clk
00:32:55]} {[%emt 00:00:31]} 18. e4 {[%clk 01:14:31]} {[%emt 00:06:42]} b6
{[%clk 00:29:48]} {[%emt 00:03:37]} 19. Re1 {[%clk 01:13:18]} {[%emt 00:01:43]}
Bb7 {[%clk 00:29:30]} {[%emt 00:00:47]} 20. Re3 {[%clk 01:09:53]} {[%emt
00:03:55]} Qe5 {[%clk 00:29:15]} {[%emt 00:00:45]} 21. Qd2 {[%clk 01:09:29]}
{[%emt 00:00:55]} Bxd5 {[%clk 00:26:51]} {[%emt 00:02:54]} 22. cxd5 {[%clk
01:08:56]} {[%emt 00:01:04]} Re8 {[%clk 00:26:20]} {[%emt 00:01:01]} 23. Bb2
{[%clk 01:08:28]} {[%emt 00:00:58]} Qg5 {[%clk 00:24:55]} {[%emt 00:01:55]} 24.
Qd3 {[%clk 01:05:45]} {[%emt 00:03:14]} f5 {[%clk 00:15:26]} {[%emt 00:09:59]}
25. e5 {[%clk 00:58:41]} {[%emt 00:07:34]} dxe5 {[%clk 00:14:47]} {[%emt
00:01:08]} 26. Bxe5 {[%clk 00:56:51]} {[%emt 00:02:20]} f4 {[%clk 00:12:25]}
{[%emt 00:02:52]} 27. Bxf4 {[%clk 00:55:48]} {[%emt 00:01:33]} Rxe3 {[%clk
00:11:34]} {[%emt 00:01:21]} 28. fxe3 {[%clk 00:54:39]} {[%emt 00:01:39]} Qf5
{[%clk 00:04:16]} {[%emt 00:07:48]} 29. Qxf5 {[%clk 00:53:24]} {[%emt
00:01:46]} Rxf5 {[%clk 00:04:41]} {[%emt 00:00:05]} 30. d6 {[%clk 00:52:23]}
{[%emt 00:01:32]} cxd6 {[%clk 00:05:02]} {[%emt 00:00:08]} 31. Bxd6 {[%clk
00:52:47]} {[%emt 00:00:07]} Rd5 {[%clk 00:05:05]} {[%emt 00:00:26]} 32. Bb4
{[%clk 00:52:46]} {[%emt 00:00:30]} a5 {[%clk 00:03:54]} {[%emt 00:01:42]} 33.
Bc3 {[%clk 00:52:50]} {[%emt 00:00:27]} Rd3 {[%clk 00:03:52]} {[%emt 00:00:31]}
34. Bd4 {[%clk 00:53:00]} {[%emt 00:00:20]} b5 {[%clk 00:03:36]} {[%emt
00:00:46]} 35. Bc5 {[%clk 00:50:09]} {[%emt 00:03:21]} Rd1+ {[%clk 00:03:39]}
{[%emt 00:00:27]} 36. Kf2 {[%clk 00:50:34]} {[%emt 00:00:05]} Rd2+ {[%clk
00:04:01]} {[%emt 00:00:07]} 37. Kf3 {[%clk 00:50:57]} {[%emt 00:00:07]} Rxa2
{[%clk 00:04:24]} {[%emt 00:00:07]} 0-1

[Event "DVM U16 2023"]
[Site "Magdeburg GER"]
[Date "2023.12.27"]
[Round "2"]
[White "Colditz, Elias"]
[Black "Holzwarth, Felix"]
[Result "1/2-1/2"]
[Termination "normal"]
[Board "7.2"]
[WhiteElo "1706"]
[BlackElo "1774"]
[WhiteClock "00:27:08"]
[BlackClock "00:50:34"]
[WhiteTeam "SV Multatuli Ingelheim"]
[BlackTeam "SG Porz"]
[PlyCount "71"]
[WhiteFideId "16298039"]
[BlackFideId "34621377"]
[EventCountry "GER"]
[EventRounds "7"]
[EventType "team-swiss"]
[EventDate "2023.12.26"]

1. e4 {[%clk 01:30:59]} e5 {[%clk 01:30:35]} {[%emt 00:00:25]} 2. Nf3 {[%clk
01:31:23]} {[%emt 00:00:07]} Nc6 {[%clk 01:30:58]} {[%emt 00:00:06]} 3. Bb5
{[%clk 01:31:23]} {[%emt 00:00:30]} a6 {[%clk 01:31:23]} {[%emt 00:00:05]} 4.
Ba4 {[%clk 01:31:10]} {[%emt 00:00:42]} Nf6 {[%clk 01:31:42]} {[%emt 00:00:10]}
5. O-O {[%clk 01:30:48]} {[%emt 00:00:53]} Be7 {[%clk 01:32:08]} {[%emt
00:00:04]} 6. c3 {[%clk 01:29:04]} {[%emt 00:02:14]} Nxe4 {[%clk 01:31:52]}
{[%emt 00:00:46]} 7. Re1 {[%clk 01:23:24]} {[%emt 00:06:10]} Nf6 {[%clk
01:31:32]} {[%emt 00:00:50]} 8. Nxe5 {[%clk 01:21:38]} {[%emt 00:02:16]} Nxe5
{[%clk 01:31:46]} {[%emt 00:00:16]} 9. Rxe5 {[%clk 01:21:59]} {[%emt 00:00:09]}
O-O {[%clk 01:32:09]} {[%emt 00:00:07]} 10. d4 {[%clk 01:21:17]} {[%emt
00:01:12]} d5 {[%clk 01:32:19]} {[%emt 00:00:20]} 11. Bg5 {[%clk 01:19:38]}
{[%emt 00:02:08]} c6 {[%emt 00:10:04]} 12. Nd2 {[%clk 01:15:31]} Bd6 {[%clk
01:21:53]} {[%emt 00:06:00]} 13. Re1 {[%clk 01:15:34]} {[%emt 00:00:27]} Bc7
{[%clk 01:21:40]} {[%emt 00:00:43]} 14. Bc2 {[%clk 01:07:40]} {[%emt 00:08:24]}
Qd6 {[%clk 01:21:45]} {[%emt 00:00:24]} 15. Nf1 {[%clk 01:07:05]} {[%emt
00:01:05]} Ne4 {[%clk 01:10:30]} {[%emt 00:11:46]} 16. Bh4 {[%clk 00:58:37]}
{[%emt 00:08:58]} Qf4 {[%clk 01:04:28]} {[%emt 00:06:31]} 17. Bg3 {[%clk
00:54:07]} {[%emt 00:05:01]} Nxg3 {[%emt 00:00:11]} 18. Nxg3 {[%clk 00:53:46]}
{[%emt 00:00:48]} g6 {[%clk 01:03:57]} {[%emt 00:01:23]} 19. Qe2 {[%clk
00:44:28]} {[%emt 00:09:48]} Be6 {[%clk 01:03:34]} {[%emt 00:00:53]} 20. Qe3
{[%clk 00:41:46]} {[%emt 00:03:12]} Qh4 {[%clk 01:02:27]} {[%emt 00:01:34]} 21.
Nf1 {[%clk 00:36:22]} {[%emt 00:05:57]} Rae8 {[%clk 01:01:06]} {[%emt
00:01:52]} 22. g3 {[%clk 00:34:59]} {[%emt 00:01:52]} Qd8 {[%clk 01:00:14]}
{[%emt 00:01:22]} 23. Qd2 {[%clk 00:34:23]} {[%emt 00:01:07]} f5 {[%clk
01:00:00]} {[%emt 00:00:43]} 24. f4 {[%clk 00:33:01]} {[%emt 00:01:52]} Bb6
{[%clk 00:57:51]} {[%emt 00:02:40]} 25. b4 {[%clk 00:29:42]} {[%emt 00:03:49]}
Bc7 {[%clk 00:56:16]} {[%emt 00:02:05]} 26. Re2 {[%clk 00:27:44]} {[%emt
00:02:28]} Bf7 {[%clk 00:49:44]} {[%emt 00:07:02]} 27. Rae1 {[%clk 00:26:48]}
{[%emt 00:01:26]} Rxe2 {[%clk 00:49:51]} {[%emt 00:00:23]} 28. Rxe2 {[%clk
00:27:05]} {[%emt 00:00:12]} Re8 {[%clk 00:50:17]} {[%emt 00:00:05]} 29. Qe1
{[%clk 00:27:08]} {[%emt 00:00:27]} Rxe2 {[%clk 00:50:34]} 30. Qxe2 Qe8 31.
Qxe8+ Bxe8 32. Nd2 a5 33. a3 Kf8 34. Nb3 axb4 35. axb4 b6 36. Kf2 1/2-1/2

[Event "DVM U16 2023"]
[Site "Magdeburg GER"]
[Date "2023.12.27"]
[Round "2"]
[White "Aravindan, Midhulan"]
[Black "Strauß, Florian"]
[Result "1-0"]
[Termination "normal"]
[Board "7.3"]
[WhiteElo "1704"]
[BlackElo "1454"]
[WhiteClock "00:51:03"]
[BlackClock "00:47:40"]
[WhiteTeam "SG Porz"]
[BlackTeam "SV Multatuli Ingelheim"]
[PlyCount "51"]
[WhiteFideId "16237250"]
[BlackFideId "16298047"]
[EventCountry "GER"]
[EventRounds "7"]
[EventType "team-swiss"]
[EventDate "2023.12.26"]

1. e4 {[%clk 01:30:58]} {[%emt 00:00:02]} d5 {[%clk 01:30:55]} {[%emt
00:00:05]} 2. exd5 {[%clk 01:31:19]} {[%emt 00:00:10]} Nf6 {[%clk 01:31:18]}
{[%emt 00:00:07]} 3. d4 {[%clk 01:31:08]} {[%emt 00:00:41]} Nxd5 {[%clk
01:31:40]} {[%emt 00:00:07]} 4. c4 {[%clk 01:31:19]} {[%emt 00:00:19]} Nf6
{[%clk 01:31:59]} {[%emt 00:00:11]} 5. Nc3 {[%clk 01:31:39]} {[%emt 00:00:10]}
Bg4 {[%clk 01:31:16]} {[%emt 00:01:14]} 6. Be2 {[%clk 01:31:40]} {[%emt
00:00:29]} Bxe2 {[%clk 01:31:24]} {[%emt 00:00:22]} 7. Ngxe2 {[%clk 01:32:03]}
{[%emt 00:00:07]} e6 {[%clk 01:31:26]} {[%emt 00:00:28]} 8. Bf4 {[%clk
01:32:20]} {[%emt 00:00:13]} Bd6 {[%clk 01:28:23]} {[%emt 00:03:32]} 9. Bg5
{[%clk 01:30:33]} {[%emt 00:02:18]} h6 {[%clk 01:24:22]} {[%emt 00:04:31]} 10.
Bh4 {[%clk 01:30:57]} {[%emt 00:00:06]} Nbd7 {[%clk 01:20:37]} {[%emt
00:04:15]} 11. f3 {[%clk 01:25:07]} {[%emt 00:06:20]} c5 {[%clk 01:19:05]}
{[%emt 00:02:01]} 12. d5 {[%clk 01:23:09]} {[%emt 00:02:28]} exd5 {[%clk
01:15:51]} {[%emt 00:03:44]} 13. Nxd5 {[%clk 01:22:46]} {[%emt 00:00:53]} Qa5+
{[%clk 01:13:42]} {[%emt 00:02:38]} 14. Nec3 {[%clk 01:22:55]} {[%emt
00:00:22]} Be5 {[%clk 01:08:11]} {[%emt 00:06:01]} 15. O-O {[%clk 01:17:45]}
{[%emt 00:05:41]} Bd4+ {[%clk 01:05:07]} {[%emt 00:03:33]} 16. Kh1 {[%clk
01:18:03]} {[%emt 00:00:13]} Nxd5 {[%clk 01:03:07]} {[%emt 00:02:29]} 17. Nxd5
{[%clk 01:17:16]} {[%emt 00:01:17]} O-O {[%clk 01:02:10]} {[%emt 00:01:27]} 18.
Qb3 {[%clk 01:11:04]} {[%emt 00:06:43]} Nb6 {[%clk 00:59:29]} {[%emt 00:03:10]}
19. Ne7+ {[%clk 01:02:30]} {[%emt 00:09:04]} Kh8 {[%clk 00:58:51]} {[%emt
00:01:08]} 20. Nf5 {[%clk 01:01:18]} {[%emt 00:01:42]} Qd2 {[%clk 00:55:14]}
{[%emt 00:04:07]} 21. Rad1 {[%clk 00:55:25]} {[%emt 00:06:23]} Qf4 {[%clk
00:54:54]} {[%emt 00:00:50]} 22. g4 {[%clk 00:54:13]} {[%emt 00:01:43]} Bf6
{[%clk 00:50:16]} {[%emt 00:05:07]} 23. Bxf6 {[%clk 00:51:56]} {[%emt
00:02:48]} gxf6 {[%clk 00:50:37]} {[%emt 00:00:09]} 24. Qc3 {[%clk 00:51:44]}
{[%emt 00:00:41]} Qe5 {[%clk 00:49:20]} {[%emt 00:01:46]} 25. Qd2 {[%clk
00:51:50]} {[%emt 00:00:25]} Rfd8 {[%clk 00:47:40]} {[%emt 00:02:09]} 26. Qxh6+
{[%clk 00:51:03]} {[%emt 00:00:11]} 1-0